书目信息 |
| 题名: |
大学英语四级词汇周计划
|
|
| 作者: | 马德高 主编 | |
| 分册: | ||
| 出版信息: | 长春 吉林出版集团有限责任公司 2009.07 |
|
| 页数: | 470页 | |
| 开本: | 18cm | |
| 丛书名: | ||
| 单 册: | ||
| 中图分类: | H31 , H313 | |
| 科图分类: | ||
| 主题词: | 英语 | |
| 电子资源: | ||
| ISBN: | 7-5463-0704-X | |
| 000 | 00619nam0 2200205 450 | |
| 001 | 1454938941 | |
| 005 | 20150618102712.43 | |
| 010 | @a7-5463-0704-X@dCNY16.80 | |
| 100 | @a20140311d2009 km y0chiy0120 ea | |
| 101 | 0 | @achi |
| 102 | @aCN@b220000 | |
| 200 | 1 | @a大学英语四级词汇周计划@Ada xue ying yu si ji ci hui zhou ji hua@f马德高主编@Fma de gao zhu bian |
| 210 | @a长春@c吉林出版集团有限责任公司@d2009.07 | |
| 215 | @a470页@d18cm | |
| 606 | 0 | @a英语 |
| 690 | @aH31@v4 | |
| 690 | @aH313@v4 | |
| 701 | 0 | @a马德高@Ama de gao@4主编 |
| 801 | 0 | @aCN@b大连网信软件有限公司图书馆·11@c20150618 |
| 905 | @aZUCC@dH313@eM03214 | |
| 大学英语四级词汇周计划/马德高主编.-长春:吉林出版集团有限责任公司,2009.07 |
| 470页;18cm |
| ISBN 7-5463-0704-X:CNY16.80 |
| ● |
| 相关链接 |
|
|
|
正题名:大学英语四级词汇周计划
索取号:H313/M03214
 
预约/预借
| 序号 | 登录号 | 条形码 | 馆藏地/架位号 | 状态 | 备注 |
| 1 | 492757 | 204927570 | 语言库209/209语言库 103排3列1层/ [索取号:H313/M03214] | 在馆 |